[Event "TCh-ISR 2019"]
[Site "Israel ISR"]
[Date "2019.03.09"]
[Round "10.1"]
[Board "6"]
[White "Iliaguev, Nisim"]
[Black "Mesropov, Konstantin"]
[Result "1/2-1/2"]
[WhiteTitle "FM"]
[BlackTitle "IM"]
[WhiteElo "2360"]
[BlackElo "2431"]
[WhiteTeam "Beer Sheva Yud-Alef"]
[BlackTeam "Elitsur Dov Petah Tiqwa"]
[WhiteFideId "2817276"]
[BlackFideId "4116887"]
[EventDate "2019.01.04"]

1. d4 e6 2. c4 Nf6 3. Nf3 b6 4. g3 Bb7 5. Bg2 g6 6. O-O Bg7 7. Qc2 O-O 8. Nc3 d6
9. e4 Nc6 10. Rd1 Nd7 11. Bg5 Qc8 12. a3 h6 13. Be3 Ne7 14. d5 e5 15. b4 f5 16.
exf5 gxf5 17. Rac1 Nf6 18. c5 bxc5 19. bxc5 Ng4 20. Qe2 Ba6 21. Qe1 Qe8 22. h3
Nxe3 23. Qxe3 f4 24. Qe1 fxg3 25. fxg3 Nf5 26. cxd6 cxd6 27. Kh2 Rb8 28. Ne4 Rb3
29. Rc3 Qa4 30. Rxb3 Qxb3 31. Rb1 Qxd5 32. Nh4 Qe6 33. Nxf5 Rxf5 34. Qa5 Bc4 35.
Qd8+ Bf8 36. Rb4 d5 37. Nd2 e4 38. Nxc4 dxc4 39. Rb2 e3 40. Re2 Qe5 41. Qc8 Rg5
42. Qxc4+ Kg7 43. Qf4 Qxf4 44. gxf4 Bd6 45. Kg1 Ra5 46. Ra2 Bxf4 47. Kf1 Bd6 48.
Ke2 Bc5 49. a4 Bb6 50. Bc6 Rc5 51. Be4 Rc4 52. Bd5 Rc5 53. Be4 Rh5 54. Bg2 Rg5
55. Bf3 Rg3 56. a5 Rxh3 57. Bd5 Bd4 58. Kd3 Be5 59. Ke4 Bc3 60. Kd3 Bd2 61. a6
Rh5 62. Bf3 Rf5 63. Ke2 Rf6 64. Ra1 Rb6 65. Be4 Kf6 66. Bd3 Ke5 67. Ra4 Rf6 68.
Rh4 Kd5 69. Rg4 Rf2+ 70. Kd1 Bc3 71. Be2 Rh2 72. Bf3+ Kc5 73. Be2 Bd4 74. Rf4
Kd5 75. Rf7 Ke4 76. Re7+ Kf4 77. Rf7+ Ke5 78. Re7+ Kd6 79. Rh7 Bb6 80. Rh8 Rh4
81. Kc2 Kd5 82. Rh7 Kc5 83. Kd3 Kb4 84. Rd7 Rc4 85. Rd6 Bc5 86. Rd7 Rc3+ 87. Ke4
Rc2 88. Kf3 Rc1 89. Rh7 Rh1 90. Kg2 Rh4 91. Kg3 Rh1 92. Kg2 Rh4 93. Kg3 Rd4 94.
Rxh6 Kc3 95. Kf3 Rd7 96. Rc6 Rf7+ 97. Ke4 Kd2 98. Bc4 Re7+ 99. Kf3 Bd4 100. Rd6
Kc3 101. Be2 Rf7+ 102. Ke4 Re7+ 103. Kf3 Rh7 104. Rg6 Rf7+ 105. Ke4 Re7+ 106.
Kf3 Bc5 107. Rg2 Rh7 108. Ke4 Bb6 109. Kf3 Rh8 110. Ke4 Rh7 111. Kf3 Rf7+ 112.
Ke4 Rd7 113. Kf3 Bc5 114. Bb5 Rf7+ 115. Ke4 Rf6 116. Be2 Rb6 117. Kf3 Rb8 118.
Ke4 Re8+ 119. Kf3 Rf8+ 120. Ke4 Rf6 121. Bb5 Bb6 122. Be2 Rh6 123. Kf3 Rh3+ 124.
Rg3 Rh6 125. Rg2 Rf6+ 126. Ke4 Bc5 127. Bb5 Rf8 128. Be2 Kd2 129. Bb5+ Ke1 130.
Rg1+ Kd2 131. Rg2+ Kc3 132. Be2 Re8+ 133. Kf3 Ba3 134. Rg7 Bc5 135. Rg2 Re7 136.
Bb5 Ba3 137. Rg4 Bc1 138. Ke2 Rf7 139. Rc4+ Kb2 140. Rb4+ Ka3 141. Rg4 Rf2+ 142.
Kd1 Bb2 143. Be2 Rf8 144. Bb5 Rf5 145. Bd3 Rf2 146. Be2 Rf6 147. Bb5 Kb3 148.
Ke2 Bc1 149. Rg7 Rf2+ 150. Kd1 Bb2 151. Rxa7 Bc3 152. Rb7 Rd2+ 153. Ke1 Rf2+
154. Kd1 Rd2+ 155. Ke1 Rf2+ 156. Kd1 Rd2+ 157. Ke1 Rf2+ 158. Kd1 Rd2+ 159. Ke1
Rf2+ 1/2-1/2

[Event "TCh-ISR 2019"]
[Site "Israel ISR"]
[Date "2019.03.09"]
[Round "10.2"]
[Board "1"]
[White "Abergel, Thal"]
[Black "Steinberg, Nitzan"]
[Result "1-0"]
[WhiteTitle "GM"]
[BlackTitle "GM"]
[WhiteElo "2422"]
[BlackElo "2530"]
[WhiteTeam "Elitsur Ironi Netanya named Itshak Shlakman"]
[BlackTeam "haPoel Petah Tiqwa Alef"]
[WhiteFideId "614890"]
[BlackFideId "2801795"]
[EventDate "2019.01.04"]

1. e4 c5 2. Nf3 d6 3. d4 cxd4 4. Nxd4 Nf6 5. Nc3 a6 6. Bg5 Nbd7 7. Bc4 h6 8. Bh4
g6 9. Qe2 Qc7 10. O-O e5 11. Nf3 Be7 12. Bxf6 Nxf6 13. Nd2 Be6 14. Bb3 b5 15. a3
Rc8 16. Rfd1 Qb7 17. Nf1 Rxc3 18. bxc3 Nxe4 19. Qf3 Bg5 20. Bxe6 fxe6 21. Ng3 d5
22. Nxe4 dxe4 23. Qg4 Kf7 24. Rd6 Re8 25. Rad1 Re7 26. h4 Bf6 27. h5 gxh5 28.
Qxh5+ Kg7 29. Qg4+ Kf7 1-0

[Event "TCh-ISR 2019"]
[Site "Israel ISR"]
[Date "2019.03.09"]
[Round "10.2"]
[Board "2"]
[White "Rechlis, Gad"]
[Black "Poleg, Dan"]
[Result "1-0"]
[WhiteTitle "GM"]
[BlackTitle "FM"]
[WhiteElo "2526"]
[BlackElo "2276"]
[WhiteTeam "haPoel Petah Tiqwa Alef"]
[BlackTeam "Elitsur Ironi Netanya named Itshak Shlakman"]
[WhiteFideId "2800047"]
[BlackFideId "2812398"]
[EventDate "2019.01.04"]

1. e4 e5 2. Nf3 Nc6 3. Bb5 g6 4. c3 Bg7 5. d4 exd4 6. cxd4 a6 7. Ba4 b5 8. Bb3
d6 9. Nc3 Nge7 10. a4 Bb7 11. O-O b4 12. Nd5 Nxd5 13. Bxd5 O-O 14. a5 Rb8 15.
Qd3 Qc8 16. Bf4 Nd8 17. Rfc1 Qg4 18. Bg3 Bxd5 19. exd5 Rb5 20. Rxc7 Rxd5 21.
Qxa6 Ne6 22. Rc8 Nxd4 23. Rxf8+ Bxf8 24. Qd3 Nxf3+ 25. Qxf3 Qg5 26. h4 Qd2 27.
Qb3 Rc5 28. a6 Rc1+ 29. Rxc1 Qxc1+ 30. Kh2 Qa1 31. Qc4 Qxb2 32. a7 Qa3 33. Qc8 1-0

[Event "TCh-ISR 2019"]
[Site "Israel ISR"]
[Date "2019.03.09"]
[Round "10.2"]
[Board "3"]
[White "Tifferet, Shaked"]
[Black "Bitensky, Igor"]
[Result "0-1"]
[WhiteTitle "FM"]
[BlackTitle "IM"]
[WhiteElo "2243"]
[BlackElo "2373"]
[WhiteTeam "Elitsur Ironi Netanya named Itshak Shlakman"]
[BlackTeam "haPoel Petah Tiqwa Alef"]
[WhiteFideId "2811529"]
[BlackFideId "2804085"]
[EventDate "2019.01.04"]

1. Nf3 g6 2. g3 Bg7 3. Bg2 e5 4. d3 d5 5. O-O Ne7 6. Nbd2 O-O 7. e4 Nbc6 8. c3
a5 9. a4 h6 10. Re1 Be6 11. exd5 Bxd5 12. Qe2 g5 13. Nc4 Ng6 14. Ne3 Be6 15. d4
exd4 16. Rd1 Bb3 17. Rxd4 Nxd4 18. Nxd4 Bxd4 19. cxd4 Qxd4 20. Bd2 Qxb2 21. Qe1
Be6 22. Rb1 Qa2 23. Ra1 Qb3 24. Bxa5 c6 25. Be4 Bh3 26. Bc3 Qe6 27. Bc2 Ne5 28.
Qe2 Qf6 29. Kh1 Qf3+ 30. Qxf3 Nxf3 31. Be4 g4 32. Nf5 Rfe8 33. Nxh6+ Kf8 34.
Bb4+ Kg7 35. Nf5+ Kf6 36. Bc3+ Kg5 37. Nd6 Re7 38. Bc2 f5 39. Rb1 Rd8 40. Nxf5
Re2 41. Ng7 Rxc2 42. Ne6+ Kf5 43. Nxd8 Rxf2 0-1

[Event "TCh-ISR 2019"]
[Site "Israel ISR"]
[Date "2019.03.09"]
[Round "10.2"]
[Board "4"]
[White "Manor, Ilan"]
[Black "Poleg, Matan"]
[Result "0-1"]
[WhiteTitle "GM"]
[WhiteElo "2472"]
[BlackElo "2205"]
[WhiteTeam "haPoel Petah Tiqwa Alef"]
[BlackTeam "Elitsur Ironi Netanya named Itshak Shlakman"]
[WhiteFideId "2800110"]
[BlackFideId "2811472"]
[EventDate "2019.01.04"]

1. d4 Nf6 2. c4 e6 3. g3 Bb4+ 4. Nc3 Bxc3+ 5. bxc3 d6 6. Bg2 Nbd7 7. e4 O-O 8.
Ne2 e5 9. O-O b6 10. f4 Bb7 11. Ba3 exd4 12. e5 Bxg2 13. Kxg2 Ng4 14. Qxd4 c5
15. Qxd6 Ne3+ 16. Kf2 Nxc4 17. Qc6 Qe8 18. Qd5 Qe6 19. Rad1 Ndxe5 20. fxe5 Nxa3
21. Nf4 Qxd5 22. Rxd5 Nc4 23. Re1 Rad8 24. Re4 g5 25. Rxc4 gxf4 26. Rxd8 fxg3+
27. hxg3 Rxd8 28. Ke3 Rd5 29. Rg4+ Kf8 30. Ke4 Rd2 31. a4 Rc2 32. Kd3 Ra2 33.
Rh4 Ke7 34. Rg4 Ke6 35. Rf4 h5 36. Rh4 Kd5 37. Rf4 Ke6 38. Rh4 Ra1 39. Rf4 Kxe5
40. Rxf7 Rxa4 41. Rh7 Rg4 42. Rxh5+ Kd6 43. Rh6+ Kd5 44. c4+ Ke5 45. Rh3 Kd6 46.
Kc3 Kc6 47. Kb3 Kb7 48. Kc3 Ka6 49. Rh7 Rxg3+ 50. Kb2 Ka5 51. Rxa7+ Kb4 52. Rb7
Rg6 0-1

[Event "TCh-ISR 2019"]
[Site "Israel ISR"]
[Date "2019.03.09"]
[Round "10.2"]
[Board "5"]
[White "Kudischewitsch, David"]
[Black "Barenboim, Grigory"]
[Result "1-0"]
[WhiteTitle "IM"]
[WhiteElo "2348"]
[BlackElo "2194"]
[WhiteTeam "Elitsur Ironi Netanya named Itshak Shlakman"]
[BlackTeam "haPoel Petah Tiqwa Alef"]
[WhiteFideId "4111893"]
[BlackFideId "2803623"]
[EventDate "2019.01.04"]

1. d4 d5 2. c3 c6 3. Bg5 Bf5 4. Qb3 Qb6 5. Nd2 Nd7 6. f3 e5 7. e4 Be6 8. exd5
Bxd5 9. Bc4 Qxb3 10. axb3 exd4 11. Bxd5 cxd5 12. Ne2 Bc5 13. cxd4 Bb6 14. b4
Ngf6 15. Nb3 O-O 16. Kd2 Rfc8 17. Rac1 Kf8 18. Nc5 Bxc5 19. bxc5 Rc6 20. b4 a6
21. b5 Rcc8 22. b6 Rc6 23. Bf4 Re6 24. Nc3 Rae8 25. g4 h6 26. h4 Kg8 27. Rhe1
Kf8 28. g5 hxg5 29. hxg5 Nh5 30. Bc7 f6 31. g6 f5 32. Nxd5 Nhf6 33. Rxe6 Rxe6
34. Nf4 Re8 35. Bd6+ Kg8 36. d5 Rc8 37. c6 Nxb6 38. cxb7 Nc4+ 39. Kd3 Nxd6 1-0

[Event "TCh-ISR 2019"]
[Site "Israel ISR"]
[Date "2019.03.09"]
[Round "10.2"]
[Board "6"]
[White "Botvinnik, Mikhail"]
[Black "Lurie, Michael"]
[Result "0-1"]
[WhiteElo "2379"]
[BlackElo "2331"]
[WhiteTeam "haPoel Petah Tiqwa Alef"]
[BlackTeam "Elitsur Ironi Netanya named Itshak Shlakman"]
[WhiteFideId "2805650"]
[BlackFideId "2803844"]
[EventDate "2019.01.04"]

1. d4 Nf6 2. Nc3 c5 3. d5 d6 4. e4 e5 5. Nf3 Be7 6. Be2 b6 7. O-O O-O 8. a4 Na6
9. Nd2 Ne8 10. Nc4 Bg5 11. Nb5 Bxc1 12. Qxc1 Nac7 13. f4 Ba6 14. Nc3 Bxc4 15.
Bxc4 a6 16. Ra3 Rb8 17. Be2 Nf6 18. fxe5 dxe5 19. Qe3 Qd6 20. Rb3 Rb7 21. Bd3
Ng4 22. Qe2 c4 23. Bxc4 Qc5+ 24. Kh1 Ne3 25. Bxa6 Nxa6 26. Qxa6 Nxf1 27. Qxb7
Qf2 28. Qa6 Qe1 29. h3 h5 30. Qd3 Ne3+ 31. Kh2 Qf2 32. Qe2 Nf1+ 33. Kh1 Ng3+ 0-1

[Event "TCh-ISR 2019"]
[Site "Israel ISR"]
[Date "2019.03.09"]
[Round "10.3"]
[Board "1"]
[White "Zoler, Dan"]
[Black "Erenberg, Ariel"]
[Result "0-1"]
[WhiteTitle "GM"]
[BlackTitle "IM"]
[WhiteElo "2503"]
[BlackElo "2409"]
[WhiteTeam "Hertslia"]
[BlackTeam "haPoel Kfar Saba Bet"]
[WhiteFideId "2800705"]
[BlackFideId "2811634"]
[EventDate "2019.01.04"]

1. d4 Nf6 2. c4 e6 3. Nf3 b6 4. g3 Ba6 5. b3 d5 6. cxd5 exd5 7. Bg2 Bb4+ 8. Bd2
Bd6 9. O-O O-O 10. Nc3 Re8 11. Re1 Nbd7 12. Qc2 Rc8 13. e4 dxe4 14. Nxe4 Nxe4
15. Rxe4 Rxe4 16. Qxe4 Nf6 17. Qc6 Qe8 18. Qc2 Bb7 19. Re1 Qb5 20. a4 Qh5 21.
Ne5 Bxg2 22. Kxg2 Bxe5 23. dxe5 Ng4 24. h3 Nxe5 25. Qe4 f6 26. f4 Rd8 27. Bc3
Nd3 28. Qc6 Qd5+ 29. Qxd5+ Rxd5 30. Re7 Rc5 31. Bd4 Rc2+ 32. Kf3 a5 33. Rd7 Nc1
34. Rd8+ Kf7 35. Rd7+ Kf8 36. f5 Nxb3 37. Be3 Rc6 38. g4 h6 39. h4 Nc5 40. Rd4
Ke7 41. Bf4 Nd7 42. Re4+ Kf7 43. Rd4 Rc3+ 44. Ke2 Ke7 45. Re4+ Kd8 46. Rd4 Rh3
47. g5 hxg5 48. hxg5 Rc3 49. g6 Rc5 50. Kf3 Rxf5 51. Rd1 Rc5 52. Kg4 Ke7 53.
Re1+ Ne5+ 54. Kf5 Kf8 55. Be3 Rc3 56. Bf4 Rc4 57. Bd2 Rxa4 58. Rh1 Ra2 0-1

[Event "TCh-ISR 2019"]
[Site "Israel ISR"]
[Date "2019.03.09"]
[Round "10.3"]
[Board "2"]
[White "Finkel, Alexander"]
[Black "Zifroni, Dov"]
[Result "0-1"]
[WhiteTitle "GM"]
[BlackTitle "GM"]
[WhiteElo "2453"]
[BlackElo "2442"]
[WhiteTeam "haPoel Kfar Saba Bet"]
[BlackTeam "Hertslia"]
[WhiteFideId "2801957"]
[BlackFideId "2800659"]
[EventDate "2019.01.04"]

1. e4 e6 2. d4 d5 3. exd5 exd5 4. Nf3 Nc6 5. h3 Bf5 6. Bb5 Ne7 7. O-O a6 8. Ba4
b5 9. Bb3 Na5 10. Re1 f6 11. Nh4 Nxb3 12. axb3 Qd7 13. Nxf5 Qxf5 14. Nc3 c6 15.
Na2 Kf7 16. Nb4 Ng6 17. Nxc6 Bd6 18. c3 h5 19. Bd2 Nh4 20. Qb1 Qc8 21. Na5 g5
22. Qd3 g4 23. Re2 gxh3 24. Nb7 Bb8 25. Qxh3 Qxh3 26. gxh3 Rg8+ 27. Kh1 Rg2 28.
Nd8+ Kg8 29. Rg1 Rxg1+ 30. Kxg1 Nf3+ 31. Kg2 Nxd2 32. Rxd2 0-1

[Event "TCh-ISR 2019"]
[Site "Israel ISR"]
[Date "2019.03.09"]
[Round "10.3"]
[Board "3"]
[White "Bakalchuk, Johnatan"]
[Black "Gershon, Alik"]
[Result "1/2-1/2"]
[WhiteTitle "IM"]
[BlackTitle "GM"]
[WhiteElo "2456"]
[BlackElo "2431"]
[WhiteTeam "Hertslia"]
[BlackTeam "haPoel Kfar Saba Bet"]
[WhiteFideId "2810301"]
[BlackFideId "2802430"]
[EventDate "2019.01.04"]

1. g3 d5 2. Nf3 Nf6 3. Bg2 e6 4. O-O Be7 5. b3 O-O 6. Bb2 c5 7. e3 Nc6 8. c4 d4
9. exd4 cxd4 10. Re1 Re8 11. Ne5 Nxe5 12. Rxe5 Bd6 13. Bxd4 Bc7 14. Bb2 Bxe5 15.
Bxe5 Nd7 16. Bb2 e5 17. d4 exd4 18. Na3 Ne5 19. Qxd4 Qxd4 20. Bxd4 a6 21. c5 Rb8
22. f4 Nc6 23. Bf2 Be6 24. Nc4 Bxc4 25. bxc4 Rbc8 26. Kf1 Kf8 27. g4 h6 28. Rb1
Re7 29. Bd5 Rec7 30. Rb6 Re7 31. f5 f6 32. h4 Rcc7 33. Bg3 Ne5 34. g5 hxg5 35.
hxg5 Rxc5 36. gxf6 gxf6 37. Rxf6+ Ke8 38. Be6 Nxc4 39. Rh6 Rxf5+ 40. Bxf5 Ne3+
41. Kf2 Nxf5 42. Rh8+ Kd7 43. Bf4 Kc6 44. Rh5 Nd4 45. Be5 Nb5 46. a4 Nd6 47. Kf3
Nc4 48. Bd4 Nd2+ 49. Kf2 Ne4+ 50. Kf3 Nd2+ 51. Kf2 Re4 52. Be3 Nc4 53. Rh6+ Kd5
54. Ba7 Nb2 55. Rb6 Rb4 56. Rh6 Rxa4 57. Ke2 b5 58. Kd2 Nc4+ 59. Kc3 Ra3+ 60.
Kb4 Ra4+ 61. Kc3 Ne5 62. Kb3 a5 63. Rh5 Rb4+ 64. Ka3 Re4 65. Bb8 Kd4 66. Bc7
Nc4+ 67. Ka2 Re2+ 68. Ka1 b4 69. Bxa5 b3 70. Rh1 Kd5 1/2-1/2

[Event "TCh-ISR 2019"]
[Site "Israel ISR"]
[Date "2019.03.09"]
[Round "10.3"]
[Board "4"]
[White "Shachar, Ehud"]
[Black "Caspi, Israel"]
[Result "1/2-1/2"]
[WhiteTitle "IM"]
[BlackTitle "IM"]
[WhiteElo "2391"]
[BlackElo "2455"]
[WhiteTeam "haPoel Kfar Saba Bet"]
[BlackTeam "Hertslia"]
[WhiteFideId "2802198"]
[BlackFideId "2807394"]
[EventDate "2019.01.04"]

1. e4 d5 2. exd5 Qxd5 3. Nc3 Qd6 4. d4 Nf6 5. Nf3 a6 6. g3 Bg4 7. Bg2 Nc6 8. O-O
O-O-O 9. d5 Ne5 10. Bf4 Nxf3+ 11. Bxf3 Bxf3 12. Qxf3 e5 13. dxe6 Qxe6 14. Bg5
Bd6 15. Rfe1 Be5 16. Na4 Rd5 17. Nc3 Rdd8 18. Na4 Rd5 1/2-1/2

[Event "TCh-ISR 2019"]
[Site "Israel ISR"]
[Date "2019.03.09"]
[Round "10.3"]
[Board "5"]
[White "Haimovich, Tal"]
[Black "Elyoseph, Harel"]
[Result "1-0"]
[WhiteTitle "IM"]
[BlackTitle "FM"]
[WhiteElo "2408"]
[BlackElo "2287"]
[WhiteTeam "Hertslia"]
[BlackTeam "haPoel Kfar Saba Bet"]
[WhiteFideId "2801698"]
[BlackFideId "2800381"]
[EventDate "2019.01.04"]

1. e4 e6 2. d4 d5 3. Nc3 Nf6 4. e5 Nfd7 5. f4 c5 6. Nf3 Nc6 7. Be3 a6 8. Qd2 b5
9. dxc5 Bxc5 10. Bxc5 Nxc5 11. Qf2 Qb6 12. Bd3 b4 13. Ne2 Nxd3+ 14. cxd3 Qxf2+
15. Kxf2 f6 16. Rac1 Kd7 17. Rc5 Bb7 18. Rhc1 Rhc8 19. Ke3 fxe5 20. fxe5 h6 21.
Ned4 Ne7 22. Nb3 g6 23. Nfd4 Ng8 1-0

[Event "TCh-ISR 2019"]
[Site "Israel ISR"]
[Date "2019.03.09"]
[Round "10.3"]
[Board "6"]
[White "Nor, Igor"]
[Black "Lev, Ronen"]
[Result "1-0"]
[BlackTitle "GM"]
[WhiteElo "2251"]
[BlackElo "2355"]
[WhiteTeam "haPoel Kfar Saba Bet"]
[BlackTeam "Hertslia"]
[WhiteFideId "2803070"]
[BlackFideId "2800063"]
[EventDate "2019.01.04"]

1. Nf3 d5 2. c4 d4 3. e4 c5 4. b4 cxb4 5. a3 bxa3 6. Bxa3 Nc6 7. Bd3 Nf6 8. e5
Ng4 9. Qe2 Qc7 10. Bd6 Qd7 11. Bc5 Qe6 12. O-O Ngxe5 13. Nxd4 Nxd4 14. Bxd4 Nc6
15. Be3 Qd7 16. Nc3 e6 17. Nb5 Be7 18. Be4 O-O 19. d4 Bf6 20. d5 exd5 21. cxd5
Nb4 22. Rxa7 Rxa7 23. Nxa7 Re8 24. Qc4 Qe7 25. Bxh7+ Kxh7 26. Nxc8 Qe4 27. Qxe4+
Rxe4 28. Rd1 Na2 29. d6 Nc3 30. Rd3 b5 31. d7 b4 32. Nd6 Re5 33. f3 Kg6 34. Kf2
Ra5 35. Bd2 Be7 36. Bxc3 bxc3 37. Nc8 Bf6 38. Rxc3 Rd5 39. Rc7 Kf5 40. Nb6 Rd6
41. Na4 Bd8 42. Rb7 Rd5 43. Nc3 Rd3 44. Ne2 g5 45. h3 Ke6 46. f4 Rd2 47. Kf3
gxf4 48. Nxf4+ Ke7 49. Ke4 Rxd7 50. Nd5+ Ke6 51. Rxd7 Kxd7 52. Kf5 Ke8 53. g4
Kf8 54. g5 Kg7 55. h4 Kf8 56. h5 Kg7 57. Nf6 Bxf6 58. h6+ 1-0

[Event "TCh-ISR 2019"]
[Site "Israel ISR"]
[Date "2019.03.09"]
[Round "10.4"]
[Board "1"]
[White "Alterman, Boris"]
[Black "Smirin, Ilia"]
[Result "1/2-1/2"]
[WhiteTitle "GM"]
[BlackTitle "GM"]
[WhiteElo "2605"]
[BlackElo "2610"]
[WhiteTeam "Feldklain Rishon leTsion"]
[BlackTeam "Ashdod Elit"]
[WhiteFideId "2801906"]
[BlackFideId "2801990"]
[EventDate "2019.01.04"]

1. Nf3 Nf6 2. c4 g6 3. g3 Bg7 4. Bg2 O-O 5. O-O d6 6. Nc3 e5 7. d3 a5 8. Rb1 Re8
9. Bg5 Nbd7 10. Qd2 Nc5 11. h3 Ne6 12. Bh6 Bh8 13. Kh2 c6 14. e4 Bd7 15. a3 a4
16. Be3 Qa5 17. Rfd1 Nc5 18. Qc2 Bg7 19. Nd2 b5 20. cxb5 cxb5 21. b4 axb3 22.
Nxb3 Nxb3 23. Rxb3 Be6 24. Rxb5 Qxa3 25. Qb2 Rec8 26. Rc1 h5 27. Qd2 Nd7 28.
Rbb1 Nc5 1/2-1/2

[Event "TCh-ISR 2019"]
[Site "Israel ISR"]
[Date "2019.03.09"]
[Round "10.4"]
[Board "2"]
[White "Sutovsky, Emil"]
[Black "Baron, Tal"]
[Result "1-0"]
[WhiteTitle "GM"]
[BlackTitle "GM"]
[WhiteElo "2628"]
[BlackElo "2519"]
[WhiteTeam "Ashdod Elit"]
[BlackTeam "Feldklain Rishon leTsion"]
[WhiteFideId "2802007"]
[BlackFideId "2809958"]
[EventDate "2019.01.04"]

1. e4 e5 2. Nf3 Nc6 3. Bb5 g6 4. c3 a6 5. Bc4 Bg7 6. d4 d6 7. dxe5 dxe5 8. Qxd8+
Nxd8 9. Be3 f6 10. Nbd2 Bh6 11. Nf1 Be6 12. N3d2 Bxc4 13. Nxc4 Ne6 14. Bxh6 Nxh6
15. O-O-O Ng4 16. Rd2 Rd8 17. f3 Nh6 18. Rxd8+ Kxd8 19. h4 Nf7 20. h5 c6 21.
Nfe3 Ke7 22. Na5 Ned8 23. b4 Rg8 24. Nb3 Nd6 25. c4 Rg7 26. c5 Nb5 27. hxg6 hxg6
28. Rh8 Kd7 29. Nc4 Kc7 30. Nd6 Nf7 31. Nxf7 Rxf7 32. Na5 Rd7 33. Rf8 Nc3 34. a3
Ne2+ 35. Kc2 f5 36. Nc4 fxe4 37. fxe4 Nd4+ 38. Kb2 Ne6 39. Rf6 Nf4 40. Nxe5 Rd2+
41. Kc3 Rf2 42. Rf7+ Kc8 43. Rf8+ Kc7 44. Rf7+ Kc8 45. Kc4 Rf1 46. Kb3 Rf2 47.
Rf8+ Kc7 48. Rf7+ Kc8 49. Nc4 1-0

[Event "TCh-ISR 2019"]
[Site "Israel ISR"]
[Date "2019.03.09"]
[Round "10.4"]
[Board "3"]
[White "Kobo, Ori"]
[Black "Fridman, Daniel"]
[Result "1/2-1/2"]
[WhiteTitle "GM"]
[BlackTitle "GM"]
[WhiteElo "2485"]
[BlackElo "2631"]
[WhiteTeam "Feldklain Rishon leTsion"]
[BlackTeam "Ashdod Elit"]
[WhiteFideId "2812320"]
[BlackFideId "11600454"]
[EventDate "2019.01.04"]

1. e4 e5 2. Nf3 Nf6 3. Nxe5 d6 4. Nf3 Nxe4 5. d3 Nf6 6. d4 d5 7. Bd3 Bd6 8. Qe2+
Be6 9. c4 dxc4 10. Bxc4 Qe7 11. O-O O-O 12. Nc3 Nbd7 13. Re1 Bxc4 14. Qxc4 Nb6
15. Qb3 Qd7 16. Bg5 Qf5 17. Nb5 Rfb8 18. Nxd6 cxd6 19. Bxf6 Qxf6 20. Rac1 Rc8
21. Qb5 Rxc1 22. Rxc1 Qd8 23. g3 Rc8 24. Re1 h6 25. Kg2 Qd7 26. Qxd7 Nxd7 27.
Re7 Rc7 28. Re8+ Kh7 29. Re7 Kg8 30. Re8+ Kh7 31. Re7 Kg8 1/2-1/2

[Event "TCh-ISR 2019"]
[Site "Israel ISR"]
[Date "2019.03.09"]
[Round "10.4"]
[Board "4"]
[White "Golod, Vitali"]
[Black "Zanan, Evgeny"]
[Result "1/2-1/2"]
[WhiteTitle "GM"]
[BlackTitle "IM"]
[WhiteElo "2532"]
[BlackElo "2528"]
[WhiteTeam "Ashdod Elit"]
[BlackTeam "Feldklain Rishon leTsion"]
[WhiteFideId "2804140"]
[BlackFideId "24101940"]
[EventDate "2019.01.04"]

1. d4 Nf6 2. c4 g6 3. Nc3 Bg7 4. e4 d6 5. Be2 O-O 6. Nf3 e5 7. d5 a5 8. O-O Na6
9. Bg5 h6 10. Be3 Ng4 11. Bd2 f5 12. exf5 gxf5 13. g3 e4 14. Nh4 Ne5 15. Ng2 Nc5
16. Nf4 Bd7 17. Qc2 Qe7 18. b3 Bf6 19. Rad1 Bg5 20. Kh1 1/2-1/2

[Event "TCh-ISR 2019"]
[Site "Israel ISR"]
[Date "2019.03.09"]
[Round "10.4"]
[Board "5"]
[White "Raznikov, Danny"]
[Black "Bar, Roman"]
[Result "1/2-1/2"]
[WhiteTitle "GM"]
[BlackTitle "IM"]
[WhiteElo "2499"]
[BlackElo "2484"]
[WhiteTeam "Feldklain Rishon leTsion"]
[BlackTeam "Ashdod Elit"]
[WhiteFideId "2811154"]
[BlackFideId "2803879"]
[EventDate "2019.01.04"]

1. d4 Nf6 2. Bf4 d5 3. e3 c5 4. c3 Nc6 5. Nd2 e6 6. Ngf3 cxd4 7. exd4 Nh5 8. Bg5
f6 9. Be3 Bd6 10. Bb5 Nf4 11. O-O a6 12. Ba4 O-O 13. c4 Kh8 14. a3 Ne7 15. Bc2
Bc7 16. Re1 Bd7 17. g3 Nfg6 18. cxd5 exd5 19. Qb1 Bg4 20. h4 Qd7 1/2-1/2

[Event "TCh-ISR 2019"]
[Site "Israel ISR"]
[Date "2019.03.09"]
[Round "10.4"]
[Board "6"]
[White "Kantsler, Boris"]
[Black "Bronstein, Or"]
[Result "1-0"]
[WhiteTitle "GM"]
[BlackTitle "FM"]
[WhiteElo "2398"]
[BlackElo "2370"]
[WhiteTeam "Ashdod Elit"]
[BlackTeam "Feldklain Rishon leTsion"]
[WhiteFideId "2805359"]
[BlackFideId "2815770"]
[EventDate "2019.01.04"]

1. d4 Nf6 2. c4 g6 3. Nf3 Bg7 4. g3 O-O 5. Bg2 c5 6. O-O cxd4 7. Nxd4 d5 8. cxd5
Nxd5 9. Nc3 Nxc3 10. bxc3 Nc6 11. Nxc6 bxc6 12. Qxd8 Rxd8 13. Bxc6 Bh3 14. Bxa8
Bxf1 15. Kxf1 Bxc3 16. Rb1 Rxa8 17. Rb7 e6 18. Be3 a6 19. Rc7 Ba5 20. Rc6 Kf8
21. a4 Bb4 22. Bb6 a5 23. e4 Ke8 24. Ke2 Rb8 25. Kd3 Kd7 26. Rc7+ Kd6 27. e5+
Kxe5 28. Bd4+ Kd5 29. Rxf7 h5 30. Rd7+ Bd6 31. f4 Rb1 32. Kc2 Rb4 33. Be5 Rc4+
34. Kd3 Rc6 35. Rd8 Kc5 36. Rxd6 Rxd6+ 37. Bxd6+ Kxd6 38. Kd4 Kc6 39. h3 Kd6 40.
h4 Kc6 41. Ke5 Kc5 42. Kxe6 Kb4 43. Kf6 Kxa4 44. Kxg6 Kb3 45. f5 a4 46. f6 a3
47. f7 a2 48. f8=Q a1=Q 49. Kxh5 Qe5+ 50. Kg4 Qd4+ 51. Qf4 Qd7+ 52. Qf5 Qd4+ 53.
Kh3 Qd1 54. h5 Kb2 55. Qf6+ Ka2 56. Kh4 Qh1+ 57. Kg5 Qc1+ 58. Kg6 Qe1 59. g4
Qe4+ 60. Qf5 Qc6+ 61. Kg7 Qc3+ 62. Qf6 Qh3 63. g5 1-0

[Event "TCh-ISR 2019"]
[Site "Israel ISR"]
[Date "2019.03.09"]
[Round "10.5"]
[Board "1"]
[White "Boruchovsky, Avital"]
[Black "Gorodetzky, David"]
[Result "1/2-1/2"]
[WhiteTitle "GM"]
[BlackTitle "IM"]
[WhiteElo "2525"]
[BlackElo "2447"]
[WhiteTeam "Kfar Saba"]
[BlackTeam "Tsafrir Rehovot Alef"]
[WhiteFideId "2800055"]
[BlackFideId "2813416"]
[EventDate "2019.01.04"]

1. Nf3 Nf6 2. g3 d5 3. Bg2 e6 4. O-O c5 5. d4 Nc6 6. b3 Bd6 7. Bb2 O-O 8. e3
cxd4 9. exd4 b5 10. Ne5 Qc7 11. Qe2 Rb8 12. Nd2 b4 13. Rfc1 Qb6 14. Nxc6 Qxc6
15. a3 a5 16. axb4 axb4 17. Nc4 Ba6 18. Ne5 Bxe2 19. Nxc6 Rbc8 20. Na7 Rc7 21.
f3 Ra8 22. Kf2 Bd3 23. cxd3 Rcxa7 24. Rxa7 Rxa7 25. Rc8+ Bf8 26. Bc1 Re7 27. g4
Re8 28. Rc6 g6 29. Bf4 Ra8 30. Kg3 Be7 31. h4 Kf8 32. Rb6 Ke8 33. Bf1 Nd7 34.
Rc6 Bf6 35. Be3 Kd8 36. g5 Bg7 37. Bd2 Rb8 38. Be3 Rb6 39. Rxb6 Nxb6 40. Bd2 Bf8
41. Bf4 Nc8 42. Kf2 Na7 43. Be5 Nc6 44. Be2 Kd7 45. f4 Be7 46. Ke3 Bd8 47. Bg4
Bb6 48. Bf6 Bd8 49. Be5 Ne7 50. Bf6 1/2-1/2